La política y el estado moderno / (Record no. 181447)

MARC details
000 -LEADER
campo de control de longitud fija 01049nam a2200301 i 4500
001 - NÚMERO DE CONTROL
campo de control 181447
003 - IDENTIFICADOR DE NÚMERO DE CONTROL
campo de control ES-MaACL
005 - FECHA Y HORA DE LA ÚLTIMA TRANSACCIÓN
campo de control 20250919111028.0
008 - DATOS DE LONGITUD FIJA--INFORMACIÓN GENERAL
campo de control de longitud fija 130116s2009 sp | |||||||| | spa d
080 ## - NÚMERO DE LA CLASIFICACIÓN DECIMAL UNIVERSAL
Número de la Clasificación Decimal Universal 1 Croce, Benedetto
080 ## - NÚMERO DE LA CLASIFICACIÓN DECIMAL UNIVERSAL
Número de la Clasificación Decimal Universal 32 Machiavelli, Niccolò
080 ## - NÚMERO DE LA CLASIFICACIÓN DECIMAL UNIVERSAL
Número de la Clasificación Decimal Universal 141.82
080 ## - NÚMERO DE LA CLASIFICACIÓN DECIMAL UNIVERSAL
Número de la Clasificación Decimal Universal 321.01
100 1# - ENTRADA PRINCIPAL--NOMBRE DE PERSONA
Nombre de persona Gramsci, Antonio,
Fechas asociadas al nombre 1891-1937
9 (RLIN) 241506
245 13 - MENCIÓN DEL TÍTULO
Título La política y el estado moderno /
Mención de responsabilidad, etc. Gramsci ; [traducción, Jordi Solé Tura].
260 ## - PUBLICACIÓN, DISTRIBUCIÓN, ETC.
Lugar de publicación, distribución, etc. [Barcelona] :
Nombre del editor, distribuidor, etc. Diario Público,
Fecha de publicación, distribución, etc. D.L. 2009.
300 ## - DESCRIPCIÓN FÍSICA
Extensión 255 p. ;
Dimensiones 18 cm.
490 1# - MENCIÓN DE SERIE
Mención de serie Biblioteca pensamiento crítico
600 14 - PUNTO DE ACCESO ADICIONAL DE MATERIA--NOMBRE DE PERSONA
Nombre de persona Croce, Benedetto,
Fechas asociadas al nombre 1866-1952
9 (RLIN) 241508
600 14 - PUNTO DE ACCESO ADICIONAL DE MATERIA--NOMBRE DE PERSONA
Nombre de persona Machiavelli, Niccolò,
Fechas asociadas al nombre 1469-1527
9 (RLIN) 75181
650 #7 - PUNTO DE ACCESO ADICIONAL DE MATERIA--TÉRMINO DE MATERIA
Término de materia o nombre geográfico como elemento de entrada Materialismo histórico.
9 (RLIN) 14850
650 #7 - PUNTO DE ACCESO ADICIONAL DE MATERIA--TÉRMINO DE MATERIA
Término de materia o nombre geográfico como elemento de entrada Estado
Fuente del encabezamiento o término embne
9 (RLIN) 12523
700 1# - ENTRADA AGREGADA--NOMBRE PERSONAL
Nombre de persona Solé Tura, Jordi,
Fechas asociadas al nombre 1930-2009
9 (RLIN) 107136
830 0# - PUNTO DE ACCESO ADICIONAL DE SERIE-TÍTULO UNIFORME
Título uniforme Biblioteca pensamiento crítico
9 (RLIN) 189844
852 ## - LOCALIZACIÓN
Ubicación ES-MaACL
Número de control de estantería A-12444
itemnumber 188348
Sublocalización o colección R.145919
Ubicación en estantería Depósito 1
Signatura antigua Olim: N-5449
942 ## - ELEMENTOS DE ENTRADA SECUNDARIOS (KOHA)
Fuente del sistema de clasificación o colocación Clasificación decimal universal
Tipo de ítem Koha Libro impreso
Holdings
Estatus retirado Estado de pérdida Fuente del sistema de clasificación o colocación Estado de daño No para préstamo Biblioteca de origen Biblioteca actual Ubicación en estantería Fecha de adquisición Fuente de adquisición Total de préstamos Signatura topográfica completa Código de barras Visto por última vez Precio de reemplazo Tipo de ítem Koha
    Clasificación decimal universal     Biblioteca del Ateneo de Madrid Biblioteca del Ateneo de Madrid Depósito 1 16/01/2013 Donación   A-12444 1190688 23/02/2023 23/02/2023 Libro impreso